000 00342 a2200157 4500
001 158685
020 _a
040 _cMagnum
100 _a-
240 1 0 _aEnciclopedia ilustrada da ciencia/v.01
_lpor
245 1 0 _aEnciclopedia ilustrada da ciencia/v.01
362 0 _a1899
440 1 _aGlobo
697 _aENCICLOPEDIAS
942 _cBK
999 _c158685
_d158685